000 00634nam a22001697a 4500
999 _c195847
_d195847
005 20230619141507.0
010 _aB-750569-580 ENA/ 7.10.22
020 _c500.00
035 _aB-750569-580
037 _bAadhunik
082 _a330
100 _aVivek Singh
245 _aIndian Economy:
_bgeneral studies- civil services examination/
_cVivek Singh
300 _a434p.
_c27cm(pbk)
942 _2ddc
_cEN
_mSIN
_h330